[Event "Luxembourg-chT 1112"]
[Site "Luxembourg"]
[Date "2011.12.10"]
[Round "3"]
[White "Schumacher, Romain"]
[Black "Mossong, Hubert"]
[Result "1/2-1/2"]
[WhiteElo "1827"]
[BlackElo "2159"]
[PlyCount "43"]
[EventDate "2011.10.??"]
[EventType "team-tourn"]
[EventRounds "10"]
[EventCountry "LUX"]
[SourceTitle "EXT 2017"]
[Source "ChessBase"]
[SourceDate "2016.10.25"]
[SourceVersion "1"]
[SourceVersionDate "2016.10.25"]
[SourceQuality "1"]

1. e4 c5 2. Nc3 Nc6 3. f4 g6 4. Bb5 Nd4 5. Nf3 a6 6. Bc4 e6 7. Nxd4 cxd4 8. Ne2 Bg7 9. 0-0 Ne7 10. Bd3 d6 11. c3 dxc3 12. dxc3 Qb6+ 13. Kh1 0-0 14. Qe1 d5 15. e5 Bd7 16. Nd4 f6 17. exf6 Bxf6 18. Be3 Qd6 19. Nf3 Nc6 20. Qg3 Ne7 21. Rae1 Bb5 22. Bxb5 1/2-1/2